Países que Limitan con Bolivia - Estadísticas

Estadísticas generales
  • Esta prueba ha sido intentada 66 veces
  • La puntuación promedio es 5 de 5
Estadísticas de respuestas
País % Correcto
Argentina
100%
Brasil
100%
Perú
100%
Chile
95%
Paraguay
94%
No se encontraron pruebas coincidentes
Distribución de puntuación
Porcentaje de gente con cada puntuación
Porcentaje por número respondido
Historial de tus puntuaciones
No has intentado esta prueba.